[Event "Palmanova op 12th"]
[Site "Palmanova"]
[Date "2023.12.08"]
[Round "1"]
[White "Beletic, Daniel"]
[Black "Mammi, Ottavio"]
[Result "1/2-1/2"]
[WhiteElo "2224"]
[BlackElo "1939"]
[PlyCount "136"]
[EventDate "2023.12.08"]
[EventType "swiss"]
[EventRounds "5"]
[EventCountry "ITA"]
[SourceTitle "CB50_2023"]
[SourceDate "2023.12.13"]
[SourceVersion "1"]
[SourceVersionDate "2023.12.13"]
[SourceQuality "1"]

1. c4 c5 2. Nf3 Nc6 3. Nc3 g6 4. a3 Bg7 5. Rb1 d6 6. g3 h5 7. d3 Nh6 8. Bg2 Nf5 9. h4 0-0 10. Bg5 Re8 11. 0-0 Rb8 12. Qc1 b6 13. b4 Bb7 14. Re1 Qd7 15. Bh3 Ncd4 16. Nh2 Qc6 17. e4 cxb4 18. Nd5 bxa3 19. Nb4 Qa4 20. exf5 a5 21. Nd5 Bxd5 22. cxd5 a2 23. Ra1 Nb3 24. Qc2 Bxa1 25. Rxa1 Rbc8 26. Qxa2 Qxa2 27. Rxa2 gxf5 28. Bxf5 Rc3 29. Bd7 Rd8 30. Bb5 Nd4 31. Bxe7 Ra8 32. Rb2 a4 33. Bxa4 Rxa4 34. Rxb6 Nf5 35. Bxd6 Rxd3 36. Be5 Ra8 37. Rf6 Ne7 38. Rh6 Ng6 39. Rxh5 Rxd5 40. Ng4 Rd1+ 41. Kg2 Nxe5 42. Rxe5 Ra6 43. Re8+ Kg7 44. h5 Rd4 45. Kh3 Ra5 46. h6+ Kh7 47. f4 Rd2 48. Kh4 Rd6 49. Re7 Kg8 50. Re8+ Kh7 51. Re7 Kg8 52. Re8+ Kh7 53. Re7 Kg8 54. h7+ Kxh7 55. Rxf7+ Kg8 56. Rc7 Kf8 57. Ne5 Kg8 58. g4 Re6 59. Kg5 Rexe5+ 60. fxe5 Rxe5+ 61. Kf6 Re8 62. g5 Ra8 63. Rc6 Rb8 64. Kg6 Ra8 65. Kh6 Rb8 66. g6 Ra8 67. Rc7 Rb8 68. Rg7+ Kh8 1/2-1/2

[Event "ITA-ch U20"]
[Site "Tarvisio"]
[Date "2023.07.08"]
[Round "8"]
[White "Brunetti, Alessandro1111"]
[Black "Mammi, Ottavio"]
[Result "0-1"]
[WhiteElo "1973"]
[BlackElo "1892"]
[PlyCount "108"]
[EventDate "2023.07.02"]
[EventType "swiss"]
[EventRounds "9"]
[EventCountry "ITA"]
[SourceTitle "EXT 2024"]
[Source "ChessBase"]
[SourceDate "2023.10.10"]
[SourceVersion "1"]
[SourceVersionDate "2023.10.10"]
[SourceQuality "1"]

1. e4 c5 2. Nf3 d6 3. d4 cxd4 4. Nxd4 Nf6 5. Nc3 a6 6. f3 h5 7. Be3 e5 8. Nb3 Be6 9. Be2 Nbd7 10. Qd2 Be7 11. Nd5 Nxd5 12. exd5 Bf5 13. 0-0 Bg6 14. a4 0-0 15. f4 f5 16. fxe5 dxe5 17. d6 Bf6 18. Qd5+ Kh7 19. Qxb7 f4 20. Bd2 Bxc2 21. Ba5 Qc8 22. Qxc8 Raxc8 23. Nd2 e4 24. Bxa6 Ra8 25. Bb5 Rxa5 26. Bxd7 Rd5 27. Nb1 Rxd6 28. Bb5 Bd4+ 29. Kh1 f3 30. Na3 Bb3 31. gxf3 Bd5 32. Bc4 Bb7 33. Nb5 Rdd8 34. Nxd4 Rxd4 35. fxe4 Bxe4+ 36. Kg1 Rc8 37. Bb3 Rb8 38. Ra3 Rdb4 39. Rf4 Kh6 40. Be6 Kg5 41. Rf2 Rxb2 42. Rxb2 Rxb2 43. Ra2 Rb1+ 44. Kf2 Kf4 45. a5 Rh1 46. h3 g5 47. a6 g4 48. hxg4 hxg4 49. a7 g3+ 50. Ke2 g2 51. Ra4 Re1+ 52. Kxe1 g1Q+ 53. Ke2 Qe3+ 54. Kf1 Qc1+ 0-1

[Event "ITA-ch U20"]
[Site "Tarvisio"]
[Date "2023.07.06"]
[Round "5"]
[White "Mammi, Ottavio"]
[Black "Rossi, Gabriele Valerio"]
[Result "0-1"]
[WhiteElo "1892"]
[BlackElo "1735"]
[PlyCount "110"]
[EventDate "2023.07.02"]
[EventType "swiss"]
[EventRounds "9"]
[EventCountry "ITA"]
[SourceTitle "EXT 2024"]
[Source "ChessBase"]
[SourceDate "2023.10.10"]
[SourceVersion "1"]
[SourceVersionDate "2023.10.10"]
[SourceQuality "1"]

1. c4 e5 2. Nc3 Nc6 3. g3 d6 4. Bg2 Be6 5. d3 Qd7 6. Rb1 Nge7 7. Nd5 Nd8 8. f4 c6 9. Nc3 exf4 10. gxf4 d5 11. cxd5 cxd5 12. e4 dxe4 13. dxe4 Qxd1+ 14. Kxd1 Ndc6 15. Be3 Rd8+ 16. Ke2 Bc4+ 17. Kf2 g6 18. Nge2 Bg7 19. b3 Bd3 20. Rbd1 0-0 21. Rhe1 Bxe2 22. Nxe2 b6 23. Rd2 Rxd2 24. Bxd2 Rd8 25. Ke3 Bh6 26. Bc3 Bg7 27. e5 Nf5+ 28. Kf2 Ncd4 29. Nxd4 Nxd4 30. Re4 Nb5 31. Bb2 Bf8 32. Bf1 Rd2+ 33. Re2 Bc5+ 34. Kg3 Rxe2 35. Bxe2 Bd4 36. Bxd4 Nxd4 37. Bd3 Kg7 38. Kf2 Kf8 39. Ke3 Ne6 40. f5 Nc5 41. fxg6 hxg6 42. Bc4 Ke7 43. b4 Ne6 44. a4 Nc7 45. Ke4 f6 46. h4 a5 47. b5 f5+ 48. Ke3 Ne6 49. Bxe6 Kxe6 50. Kf4 Ke7 51. Kg5 Kf7 52. e6+ Kxe6 53. Kxg6 f4 54. h5 f3 55. h6 f2 0-1

[Event "ITA-ch U20"]
[Site "Tarvisio"]
[Date "2023.07.04"]
[Round "3"]
[White "Rubini, Alessandro1111"]
[Black "Mammi, Ottavio"]
[Result "1/2-1/2"]
[WhiteElo "1647"]
[BlackElo "1892"]
[PlyCount "95"]
[EventDate "2023.07.02"]
[EventType "swiss"]
[EventRounds "9"]
[EventCountry "ITA"]
[SourceTitle "EXT 2024"]
[Source "ChessBase"]
[SourceDate "2023.10.10"]
[SourceVersion "1"]
[SourceVersionDate "2023.10.10"]
[SourceQuality "1"]

1. e4 c6 2. d4 d5 3. Nc3 dxe4 4. Nxe4 Bf5 5. Ng3 Bg6 6. h4 h6 7. Nf3 Nd7 8. h5 Bh7 9. Bd3 Bxd3 10. Qxd3 Qc7 11. Bd2 Ngf6 12. 0-0-0 e6 13. Kb1 Bd6 14. Ne4 Nxe4 15. Qxe4 Nf6 16. Qe2 0-0-0 17. c4 Rhe8 18. Bc3 c5 19. dxc5 Qxc5 20. Ne5 Bxe5 21. Bxe5 Rd7 22. Rxd7 Nxd7 23. Bxg7 Qg5 24. Bd4 Qxg2 25. Rc1 a6 26. c5 Qc6 27. Be3 e5 28. Rd1 f5 29. Rd6 Qh1+ 30. Bc1 Nxc5 31. Qc2 Qe4 32. Rxh6 f4 33. Bd2 Rd8 34. f3 Qd4 35. b4 Qxd2 36. Qxc5+ Kb8 37. Qxe5+ Ka8 38. Rh8 Qxb4+ 39. Kc1 Qa3+ 40. Kb1 Qd3+ 41. Kb2 Qd2+ 42. Kb1 Rxh8 43. Qxh8+ Ka7 44. Qb2 Qd3+ 45. Qc2 Qb5+ 46. Qb2 Qf5+ 47. Kc1 Qc5+ 48. Kb1 1/2-1/2

[Event "ITA-ch U20"]
[Site "Tarvisio"]
[Date "2023.07.02"]
[Round "1"]
[White "Cinquemani, Christian"]
[Black "Mammi, Ottavio"]
[Result "0-1"]
[WhiteElo "1144"]
[BlackElo "1892"]
[PlyCount "80"]
[EventDate "2023.07.02"]
[EventType "swiss"]
[EventRounds "9"]
[EventCountry "ITA"]
[SourceTitle "EXT 2024"]
[Source "ChessBase"]
[SourceDate "2023.10.10"]
[SourceVersion "1"]
[SourceVersionDate "2023.10.10"]
[SourceQuality "1"]

1. e4 c6 2. d4 d5 3. Nd2 dxe4 4. Nxe4 Bf5 5. Ng3 Bg6 6. Nf3 Nd7 7. Bd3 Bxd3 8. Qxd3 Qc7 9. 0-0 Ngf6 10. Bg5 h6 11. Be3 e6 12. h3 Bd6 13. Ne4 Nxe4 14. Qxe4 Nf6 15. Qd3 0-0-0 16. c4 Rd7 17. c5 Bxc5 18. Qc4 Bd6 19. Rfc1 Nd5 20. Bd2 Rhd8 21. b4 Nb6 22. Qc2 a6 23. a4 Kb8 24. b5 cxb5 25. Qa2 Nc4 26. axb5 Rc8 27. bxa6 b6 28. Rab1 Ka8 29. Rb2 Qc6 30. Rbc2 b5 31. Be1 Bf4 32. Bd2 Bxd2 33. Ne5 Qd6 34. Rxd2 Rdc7 35. Nxc4 Rxc4 36. Rxc4 Rxc4 37. g3 Qd5 38. Rd1 Rxd4 39. Ra1 Rd1+ 40. Kh2 Qh1# 0-1

[Event "EU-ch U10"]
[Site "Bratislava"]
[Date "2019.08.07"]
[Round "6"]
[White "Mammi, Ottavio"]
[Black "Sarafis, Rafail"]
[Result "0-1"]
[WhiteElo "1549"]
[BlackElo "1355"]
[PlyCount "120"]
[EventDate "2019.08.02"]
[EventType "swiss"]
[EventRounds "9"]
[EventCountry "SVK"]
[SourceTitle "EXT 2020"]
[Source "ChessBase"]
[SourceDate "2019.10.17"]
[SourceVersion "1"]
[SourceVersionDate "2019.10.17"]
[SourceQuality "1"]

1. c4 Nf6 2. Nc3 e6 3. g3 Nc6 4. Bg2 Bc5 5. e3 e5 6. Nge2 a6 7. 0-0 d6 8. d4 Ba7 9. a3 0-0 10. b4 Re8 11. h3 h5 12. d5 Ne7 13. Kh2 Ng6 14. f4 exf4 15. exf4 Bf5 16. Nd4 Be4 17. Re1 Bxg2 18. Rxe8+ Qxe8 19. Kxg2 Ne4 20. Nce2 Qd7 21. Bb2 Nf6 22. Qd3 Re8 23. Nf3 Re3 24. Qc2 h4 25. g4 Rxe2+ 26. Qxe2 Nxf4+ 27. Kf1 Nxe2 28. Kxe2 Qe7+ 29. Kf1 Ne4 30. Re1 Ng3+ 31. Kg2 Ne2 32. Kf1 Qe3 33. Rxe2 Qxf3+ 34. Ke1 Qh1+ 35. Kd2 Qxh3 36. g5 Qb3 37. Ke1 Qxc4 38. g6 fxg6 39. Re7 Bd4 40. Bxd4 Qxd4 41. Rxc7 Qxd5 42. Rc8+ Kh7 43. Rc3 Qe5+ 44. Kd2 Qxc3+ 45. Kxc3 h3 46. Kd4 h2 47. Kd5 h1Q+ 48. Kxd6 Qc6+ 49. Ke7 Kg8 50. b5 Qf6+ 51. Kd7 Kf8 52. Kc7 Ke8 53. Kxb7 axb5 54. a4 b4 55. a5 b3 56. a6 b2 57. a7 b1Q+ 58. Kc7 Qbb6+ 59. Kc8 Ke7 60. a8Q Qf8# 0-1